Albums des Schtroumpfs - Mort subite #2 - Statistiques

Statistiques générales
  • Ce quiz a été pris 47 fois
  • Le résultat moyen est 8 sur 15
Answers on the Grid
Answers color-coded by a green-red scale on the quiz's grid according to % correct below.
La Schtroumpfette
L’œuf et les Schtroumpfs
L'apprenti Schtroumpf
Histoires de Schtroumpfs
Schtroumpf vert et vert schtroumpf
Le schtroumpf financier
Docteur Schtroumpf
Les Schtroumpfs joueurs
Schtroumpf les bains
Le Schtroumpf reporter
Les Schtroumpfs de l'ordre
Les Schtroumpfs et les haricots mauves
Les Schtroumpfs et le vol des cigognes
Gargamel, l'ami des Schtroumpfs
Les schtroumpfs olympiques
Le Grand Schtroumpf
Un Noël schtroumpfant
Les Schtroumpfs et la sorcière des marais
Les Schtroumpfs et la maladie du sable
Le mystère du mont Schtroumpf
Danger sur le barrage schtroumpf
Le Schtroumpf ami des bêtes
Les Schtroumpfs et le lotus bleu
Les Schtroumpfs robots
Schtroumpf un jour, Schtroumpf toujours
Le moineau d'argent et les Schtroumpfs
L'amour chez les Schtroumpfs
Le festival Schtroumpf
 
Statistiques - réponses
Réponse % Correct
Les schtroumpfs olympiques
79%
La Schtroumpfette
71%
Schtroumpf vert et vert schtroumpf
71%
L’œuf et les Schtroumpfs
68%
L'apprenti Schtroumpf
59%
Le Schtroumpf reporter
56%
Histoires de Schtroumpfs
53%
Le schtroumpf financier
53%
Schtroumpf les bains
53%
Docteur Schtroumpf
47%
Les Schtroumpfs de l'ordre
41%
Les Schtroumpfs joueurs
35%
Les Schtroumpfs et le vol des cigognes
32%
Les Schtroumpfs et les haricots mauves
26%
Gargamel, l'ami des Schtroumpfs
21%
Aucun quiz correspondant
Distribution des résultats
% des personnes avec chaque résultat
Percentile par nombre de réponses
Votre historique - résultats
Vous n’avez pas pris ce quiz